LDR 00823naa#a2200181#i#450# 001 EN\\bibl\20024 005 20260701222309.3 100 ## _a20260630b2026####ek#y0engy0150####ca 102 ## _aRU 200 1# _aSTUDYING MONITORING EVENT CORRELATION METHODS AND DEVELOPING AN INCIDENT DETECTION SYSTEM IN A HETEROGENEOUS IT INFRASTRUCTURE _eConference article/thesis 210 1# _aVoronezh _cFSBE Institution of Higher Education Voronezh State University of Forestry and Technologies named after G.F. Morozov _d2026 215 ## _a5 с. 608 ## _aConference article/thesis _2local 675 ## _aКорреляция. Коэффициент корреляции. Коэффициент изменчивости. 311.16 _z 700 #1 _aSkvortsova _gTatyana Vladimirovna 700 #1 _aBraiko _gA. K. 700 #1 _aAvilova _gO. A. 856 4# _abibl.vgltu.ru _u